| 000 | 00596nam a22002057a 4500 | ||
|---|---|---|---|
| 005 | 20160113081501.0 | ||
| 008 | 110922s2013 nyua 001 0 eng | ||
| 020 | _a9780073398136 | ||
| 020 | _a0073398136 | ||
| 041 | 0 | _aeng | |
| 080 | _a621.01 | ||
| 245 | 0 | 0 |
_aVector mechanics for engineers. _pStatics and dynamics / _cFerdinand Beer ... [et al.]. |
| 250 | _a10th ed. | ||
| 260 |
_aNew York : _bMcGraw-Hill, _c2013. |
||
| 300 |
_a1349 f. : _bme il.; _c27 cm. |
||
| 650 | 0 | _aMekanika | |
| 650 | 0 | _aInxhinieria | |
| 700 | 1 |
_aBeer, Ferdinand P. _q(Ferdinand Pierre), _d1915-2003. |
|
| 942 |
_2udc _cBK |
||
| 999 |
_c762 _d762 |
||